000
00240nam a2200097Ia 4500
008
220216s9999 xx 000 0 und d
245
0
_a
I U T: rubber karshakar vanchitharakaruthu
260
_b
Karshakan
_c
2009
300
_a
60-61
942
_c
JS
999
_c
60575
_d
60575